000 00394nam a22001697a 4500
003 OSt
008 250505b |||||||| |||| 00| 0 eng d
020 _a9789355424655
082 _a006.33 PHP
100 _aPHOENIX,James
245 _aPrompt Engineering for Generative AI
250 _a1st Ed
260 _aMumbai
_bSPD
_c2024
300 _a401
700 _aTAYLOR,Mike
942 _2ddc
_cREF
999 _c13522
_d13522